[Event "Groningen PCA"]
[Site "Groningen"]
[Date "1993.??.??"]
[Round "10"]
[White "Kaidanov, Gregory S"]
[Black "Huebner, Robert"]
[Result "1/2-1/2"]
[WhiteElo "2640"]
[BlackElo "2605"]
[Annotator "Huebner,R"]
[PlyCount "53"]
[EventDate "1993.12.??"]
[EventType "swiss"]
[EventRounds "11"]
[EventCountry "NED"]
[SourceTitle "CBM 039"]
[Source "ChessBase"]
[SourceDate "1994.04.01"]
[SourceVersion "1"]
[SourceVersionDate "1994.04.01"]
[SourceQuality "1"]

1. c4 {Horn,Pe} Nf6 2. g3 c6 3. Bg2 d5 4. Nf3 Bg4 5. Ne5 Bh5 (5... Bf5 6. cxd5
cxd5 7. Nc3 (7. Qa4+ Bd7) 7... Nbd7 (7... e6 $2 8. g4) 8. Qa4 (8. d4 {Horn,Pe}
e6 9. O-O $14 {Bangiev}) 8... Qc7 $13) (5... Be6 6. cxd5 Bxd5 7. Nf3 c5 (7...
e5 8. Nc3 e4 9. Nh4 Qd7 10. d3 Bb4 11. O-O Bxc3 12. bxc3 exd3 13. exd3 O-O {
Kirov-Ivkov/Bor/1984} 14. c4 $1 Bxg2 15. Kxg2 $14 {Vaganian}) 8. Nc3 (8. O-O {
Horn} e6 9. Nc3 Bc6 $10 {Davies-Kotronias/Gausdal/1990 Sehner-Dresen/Elberfeld/
1986}) 8... Bc6 $10) (5... e6 {Horn} 6. Nxg4 Nxg4 7. cxd5 exd5 8. O-O h5 $6 9.
d4 Bd6 10. h3 Nf6 11. Qb3 $16 {Schmittdiel-Ruf/BRD/1989}) 6. cxd5 cxd5 $2 (6...
Nxd5 {Horn,Pe} 7. Nc3 e6 8. g4 Bg6 9. h4 Nb4 10. d3 Qd4 11. h5 Qxe5 12. hxg6
fxg6 13. Be4 Qf6 14. Qb3 Nd7 15. a3 Nc5 16. Qxb4 Nxd3+ 17. Bxd3 Bxb4 18. axb4
O-O 19. Be3 $13 {Dementiev-Silberstein/Taschkent/1976}) 7. Nc3 Nbd7 {?! Horn,Pe
} (7... e6 {Horn,Pe} 8. Qa4+ (8. g4 Bd6 (8... Bg6 9. h4 Bd6 (9... h6 10. Nxg6
fxg6 11. Qc2 Kf7 12. h5 $16) 10. d4 O-O (10... Bxe5 $2 11. dxe5 Nxg4 $4 12.
Qa4+ $18) 11. h5 Bxe5 12. dxe5 Nxg4 13. hxg6 fxg6 14. f4 $1 Qb6 15. Rf1 Qd8 (
15... Nh2 16. Nxd5 $1) (15... Nc6 16. e4 Ncxe5 17. exd5 exd5 18. Nxd5 Rae8 $13
{Hodgson-Plaskett/London/1989}) 16. e3 $1 $16 {Seul-Bangiev/BL/1993}) 9. Qa4+
Kf8 10. gxh5 Bxe5 11. Qb4+ Qe7 {Romanishin}) 8... Nfd7 $1 9. g4 Bg6 10. h4 f6
11. Nxg6 hxg6 12. d4 f5 13. Bg5 Qb6 14. O-O Be7 15. Bxe7 Kxe7 16. Qa3+ Kd8 17.
h5 Nc6 $13 {Kortschnoj-Anikaev/Minsk/1983}) 8. Qa4 e6 9. g4 (9. d3 {Horn,Pe}
Be7 $2 (9... Bd6) 10. g4 Bg6 11. h4 h6 12. g5 Nh5 13. Bh3 $36 {Simonov-Bikolov/
URS/1978}) 9... Bg6 10. h4 Bd6 (10... Bc2 $2 11. Nxf7 (11. b3 Bd6 12. Nxd7 Qxd7
13. Qxd7+ Kxd7 $13) (11. Qxc2 Nxe5 12. g5 Nfd7 13. d4 Nc6 $132 {
Lisitzyn-Konstantinopolskij/URS/1936}) 11... Bxa4 (11... Kxf7 12. Qxc2 Nxg4 13.
Nxd5 {Konstantinopolskij}) 12. Nxd8 Rxd8 (12... Kxd8 {Horn} 13. Nxa4 Nxg4 14.
Bh3 Ndf6 15. d4 (15. f3 Ne5 16. Bxe6 Bd6 $13) (15. Rg1 $5 $16 {Romanishin})
15... Rc8 16. Nc5 Bxc5 17. dxc5 Ne5 (17... Rxc5 18. Rg1 $16) 18. Rg1 g6 19. Bf4
Ned7 20. Bxe6 Rxc5 21. Be3 $16 {Romanishin-Suba/Moskau/1986}) 13. Nxa4 Nxg4 14.
Bh3 h5 15. f3 $18) (10... h6 11. Nxg6 (11. d4 {Horn,Pe} a6 12. Nxg6 fxg6 13.
Qc2 Kf7 14. h5 gxh5 15. gxh5 Bb4 16. Rh3 Kg8 17. Bf4 Qb6 18. Rd1 $16 {
Khasanov-Galakhov/Taschkent/1985}) 11... fxg6 12. Qc2 (12. g5 hxg5 13. hxg5
Rxh1+ 14. Bxh1 Nh7 (14... Nh5 $5) 15. Qg4 Qxg5 $2 (15... Kf7) 16. Qxe6+ Be7 17.
Kf1 $16 {Kourkounakis-Engquist/Gausdal/1990}) 12... Kf7 13. h5 $16 (13. d4 Bb4
14. g5 hxg5 15. Bxg5 Rc8 16. Rh3 Qa5 $132 {Sehner-Schönthier/BRD/1987})) (10...
b5 {Horn} 11. Nxb5 $1 Nxe5 12. Nc7+ Ke7 13. Nxa8 Qxa8 14. h5 Nexg4 (14... Be4
$5 15. f3 Nexg4 16. fxe4 dxe4 {/\ Qb8 Konstantinopolskij}) 15. hxg6 fxg6 16. d4
Kf7 17. Bf4 Be7 18. Rc1 Nh5 19. Bd2 Qb8 20. Bh3 Nhf6 21. Qb3 $18 {
Konstantinopolskij-Goglidse/Leningrad/1936}) 11. d4 (11. Nxd7 Qxd7 12. Qxd7+
Kxd7 13. h5 Bc2 (13... Be4 {Horn,Pe} 14. f3 Bc2 15. g5 Bg3+ 16. Kf1 Ne8 17. d3
Be5 18. f4 Bxc3 19. bxc3 Nd6 20. a4 $36 {A.Petrosian-Beliavsky/URS/1976}) 14.
d3 Bb4 15. Bd2 Nxg4 16. Rc1 Bxc3 17. Bxc3 Ba4 18. Bxg7 (18. h6 Nxh6 19. Bxg7
Rhg8) 18... Rhg8 19. Bd4 (19. h6 Nxh6) 19... Bc6 $14) 11... h6 12. h5 $2 (12.
Bf4 Bb8 $8 (12... Be7 13. Nxg6 fxg6 14. Nb5) (12... Bxe5 13. dxe5 Ng8 14. Nb5 {
xd6}) 13. Nxg6 fxg6 14. Bxb8 Qxb8 $13 {xf4}) (12. Nxg6 $142 fxg6 13. g5 (13.
Qc2 Kf7 14. h5 Nf8 $13 (14... gxh5 15. gxh5 $14)) 13... hxg5 14. hxg5 (14. Bxg5
Qb6 15. Qc2 Kf7 $13) 14... Rxh1+ 15. Bxh1 Nh5 (15... Nh7 {Horn,Pe} 16. e4 $1
dxe4 17. Bxe4 Nxg5 18. Bxg6+ Nf7 19. Be3 $16 {Vaulin-Guliev/Pardubice/1993})
16. Qc2 (16. e4 Bf4 $13) 16... Nf8 $16) 12... Bh7 13. g5 hxg5 14. h6 (14. Bxg5
Kf8 (14... Bf5 {Horn,Pe}) 15. Nxd7+ (15. h6) 15... Qxd7 16. Bxf6 Qxa4 17. Bxg7+
Kxg7 18. Nxa4 Rac8 19. Nc3 Bb4 20. Kd2 Rc4 (20... e5 21. e3 exd4 22. exd4 Rc4
23. Rh4) 21. e3 Rhc8 22. Rac1 Bxc3+ 23. Rxc3 Rxc3 24. bxc3 Rc6 {/\ Rb6, Ra6=})
14... Kf8 (14... gxh6 {Horn,Pe} 15. Rxh6 {/\ Rf6,Bg5}) 15. Bxg5 (15. Nxd7+ Qxd7
$15) 15... Nxe5 16. dxe5 Bxe5 17. f4 Bxc3+ {! Horn,Pe} (17... Bd6 $2 18. e4 (
18. Qd4) 18... dxe4 (18... Be7 {Horn,Pe} 19. O-O-O $40) 19. O-O-O $40 (19.
hxg7+ Kxg7 20. Rxh7+ $5 Rxh7 (20... Kxh7 21. O-O-O $40) 21. O-O-O $40)) 18.
bxc3 Qb6 {xe3, xd4} (18... Bg6 $2 19. Qd4 $18) 19. Qa3+ $8 (19. Bxf6 gxf6 $17)
(19. hxg7+ Kxg7 20. Bh6+ Kg8 {/\ Bg6-/+}) 19... Kg8 20. hxg7 (20. Bxf6 {Horn}
gxf6 21. Qe7 (21. c4 $2 Qd4 22. Qg3+ Bg6 $17) (21. Kd2 Bg6 22. Rag1 d4 $132)
21... Qd8 22. Qxb7 Qb8 23. Qxb8+ Rxb8 $15) 20... Kxg7 21. Bh6+ (21. Qe7 {Horn}
Ng8 $1 (21... Ne8 22. Bh6+ Kg8 (22... Kg6 23. Qg5#) 23. Qf8#)) 21... Kg8 22.
Qe7 (22. f5 $2 {Horn,Pe} Bxf5 23. Qc1 Bg6 (23... Ne4 24. Bxe4 Bxe4 25. Qg5+ Bg6
26. Qf6 $18) (23... Nh7 24. Bh3 Be4 $13) 24. Qg5 Nh7 25. Qe5 f6 $17) (22. Rd1 {
Horn,Pe}) 22... Qd8 (22... Ne4 23. Bxe4 Bxe4 24. Qf6 Rh7 25. Kd2 Qb2+ (25...
Bxh1 26. Qg5+ $10) 26. Ke3 Bg6 (26... Qb6+ $142 $10) 27. Rag1 Qc2 28. Rh5 Rc8 (
28... b5 29. f5 exf5 30. Rxg6+ fxg6 31. Qxg6+ Kh8 32. Bg7+) 29. Kf2 Qxc3 30.
Rxg6+ fxg6 31. Qxe6+ Kh8 32. Bg7+ (32. Re5 Qc6) 32... Qxg7 (32... Kxg7 33. Qe7+
Kg8 34. Qxh7+ Kf8 35. Qxg6 Qd4+ 36. Kg2 Qg7 37. Qxg7+ Kxg7 38. Rxd5 Rc2 39.
Rd7+ Kf6 40. Kf3 $18) 33. Qxc8+ Qg8 34. Rxh7+ Kxh7 35. Qxb7+ $16) 23. Qxb7 (23.
Qxd8+ Rxd8 24. Bg5 Kg7 25. Bh6+ Kg6 (25... Kg8 26. Bg5 $10) 26. Bf3 Bg8 $17)
23... Bg6 (23... Qb8 24. Qe7) (23... Qc8 24. Qb4 {/\ Qd4}) 24. Bg5 Rxh1+ 25.
Bxh1 Kg7 26. Bf3 (26. Qb4 Qb6) 26... Qb8 27. Qb3 (27. Qc6 $6 Qc8 $17) (27. Qe7
$6 Nh7 {/\ Qb2-/+}) (27. Qb4 Qxb4 28. cxb4 Rc8 $15 {Kaidanov}) (27. Qb3 Qb6 28.
Qxb6 axb6 29. c4) 1/2-1/2

[Event "IND-ch 55th"]
[Site "Patna"]
[Date "2017.10.31"]
[Round "4"]
[White "Karthikeyan, Murali"]
[Black "Deepan Chakkravarthy, J."]
[Result "1-0"]
[WhiteElo "2578"]
[BlackElo "2477"]
[Annotator "Karthikeyan,M"]
[PlyCount "81"]
[EventDate "2017.10.28"]
[EventType "swiss"]
[EventRounds "13"]
[EventCountry "IND"]
[EventCategory "10"]
[SourceTitle "CBM 182"]
[Source "ChessBase"]
[SourceDate "2018.01.17"]
[SourceVersion "1"]
[SourceVersionDate "2018.01.17"]
[SourceQuality "1"]

1. Nf3 d5 2. g3 Nf6 3. Bg2 Bf5 4. O-O e6 5. d3 h6 6. c4 c6 7. cxd5 exd5 8. Nc3
Be7 9. Nd4 Bh7 10. e4 O-O 11. Re1 {White has a very good position here. Black
has to be careful with his ideas to create counterplay.} Na6 (11... Bc5 12. Nb3
{is just a waste of time.}) (11... c5 12. e5 Ne8 (12... cxd4 13. exf6 Bxf6 14.
Nxd5 Nd7 15. Bf4 Nc5 16. Qg4 Bg6 17. Rad1 $16) 13. Nde2 $14 {[%cal Ge2f4,Gf4d5]
}) 12. e5 (12. exd5 Nxd5 13. Nxd5 cxd5 $11) 12... Nd7 13. Bh3 Kh8 (13... Nb4 $5
14. Bf5 (14. Qg4 Nxd3 15. Bxh6 Bg6 16. Ne6 N7xe5) (14. Nf5 d4 (14... Nc5 15. d4
Ncd3 16. a3 Nxe1 17. axb4) 15. a3 dxc3 16. axb4) 14... Nc5 15. Qg4 $1 Bg5 (
15... Nbxd3 16. Bxh6 g6 17. Bxf8 $18) 16. Bxh7+ Kxh7 17. f4 Be7 (17... Nbxd3
18. fxg5 Nxe1 19. gxh6 g6 20. Bg5 $36) 18. Rd1 $14) (13... Ndc5 14. Nf5 d4 15.
Ne4 $14) 14. a3 (14. Nf5 d4 $11 {if Black gets ...d4, White loses
co-ordination in protecting the e5-pawn.}) (14. Bf5 c5 $19 {is the point. Bxh7
is not with check.}) 14... Nac5 (14... Ndc5 15. Bf5 $14 {and the a6-knight is
bad.}) 15. Bf5 (15. Nf5 $5 d4 {Black should not wait as if White gets in d4,
Black's pieces are restricted:} 16. Ne4 (16. Nxd4 Nxd3 $19) 16... Nxe4 (16...
a5 17. Bf4 Ne6 (17... a4 18. Nxe7 Qxe7 19. e6 Nxe6 20. Bd6 $16) 18. Bxh6 gxh6
19. Qh5 $13) 17. Rxe4 Nc5 (17... Bxf5 18. Bxf5 Nc5 19. Rg4 $40) 18. Rxd4 Qc7 (
18... Qc8 19. Qh5 $16) 19. Bf4 Ne6 20. Rc4 Rad8 $132) 15... a5 (15... f6 $5 16.
e6 Ne5 17. Bxh7 (17. Re3 Bxf5 18. Nxf5 d4) 17... Kxh7 18. Qc2 (18. Re3 Na6 $13)
18... Kh8 19. Rd1 Qc8 20. Qe2 Nxe6 21. Nxe6 Qxe6 22. d4 Qf5 23. dxe5 fxe5 $14 {
White is a piece up but it is not clear how to stop these central pawns.}) 16.
Bxh7 Kxh7 17. Nf5 $6 {It is very tempting to go forward with the knight but
that was not required.} (17. f4 Ne6 (17... Qb6 18. Kg2 Qa6 19. Nf5 $14) 18. Nf3
$14) 17... Ne6 (17... g6 18. d4 gxf5 19. dxc5) (17... a4 18. d4 Nb3 19. Rb1
Nxc1 20. Rxc1) 18. d4 Bg5 $2 (18... f6 19. Qd3 (19. exf6 Rxf6 20. Ne3 Kh8 21.
h4 Qg8 $132 {[%cal Ga8f8]}) 19... Kh8 20. exf6 Rxf6 21. Bd2 Bf8 $11) 19. f4 g6
$2 (19... Be7 {but it is not acceptable for humans to provoke the dangerous f4
and then waste a tempo:} 20. Nxe7 Qxe7 21. f5 Nc7 (21... Ng5 22. Kg2 $16) 22.
Qh5 Rfe8 23. Bf4 $16) 20. fxg5 (20. Nd6 Be7 21. f5 Bxd6 22. fxe6 Nxe5 23. dxe5
Bc5+ 24. Kh1 fxe6 {is also good but gives unnecessary counterplay for Black.})
20... gxf5 21. Qh5 {The clearest.} Nxg5 $6 (21... Nxd4 22. e6 Qe7 23. Qxh6+ Kg8
24. exf7+ Qxf7 25. g6 Qg7 26. Qxg7+ Kxg7 27. Re7+ Kxg6 28. Rxd7 $18) (21... Kg8
$5 22. gxh6 Kh8 23. Ne2 c5 {would have offered very good resistance.}) 22. h4
Ne6 23. Bxh6 (23. Qxh6+ Kg8 24. Ne2 c5 $16 {is unnecessary when you have a
clearer option than this.}) 23... Ng7 (23... Rh8 24. Qxf7+ (24. Bg5+ $4 Kg7 $17
) 24... Kxh6 25. Qxe6+ Kg7 26. Ne2 $18) 24. Bxg7+ Kxg7 25. Rf1 Rh8 26. Qxf5 Rh7
27. Qxf7+ (27. Ne2 $5 Qe7 28. Nf4 Kh8 (28... Rg8 29. Nh3 {is the simplest way
to win this game}) 29. Nh3 Rg7 30. Ng5 Kg8 31. Kh2 $18 {and dominating slowly.}
) 27... Kh8 28. Qf3 (28. Qf5 Qe7 29. Ne2 Rg8 30. Rf4 {also wins.}) 28... Qe7
29. Ne2 Rg8 30. Kg2 Qe6 (30... Rxh4 31. Rh1 $18) 31. Qf5 Qh6 32. e6 Qe3 (32...
Re7 33. Nf4 Nf6 34. h5 $18) 33. Rae1 Nf8 (33... Rhg7 34. exd7 Rxg3+ 35. Kh2
Rg2+ 36. Kh1 $18) 34. Qf6+ Rhg7 35. Rf5 Nh7 36. Qe5 Qxe5 37. Rxe5 Nf6 38. Rf1
Rg6 39. h5 Rh6 40. e7 Re8 41. g4 1-0

[Event "Olympiad-32"]
[Site "Yerevan"]
[Date "1996.09.19"]
[Round "4.2"]
[White "Yermolinsky, Alex"]
[Black "Gausel, Einar"]
[Result "1-0"]
[WhiteElo "2610"]
[BlackElo "2520"]
[Annotator "Kharitonov,A"]
[PlyCount "95"]
[EventDate "1996.09.15"]
[EventType "team-swiss"]
[EventRounds "14"]
[EventCountry "ARM"]
[SourceTitle "CBM 055"]
[Source "ChessBase"]
[SourceDate "1996.12.01"]
[SourceVersion "1"]
[SourceVersionDate "1996.12.01"]
[SourceQuality "1"]
[WhiteTeam "US of America"]
[BlackTeam "Norway"]
[WhiteTeamCountry "USA"]
[BlackTeamCountry "NOR"]

1. Nf3 d5 2. g3 c6 3. Bg2 Bg4 4. c4 e6 5. cxd5 Bxf3 (5... exd5 6. O-O Nd7 (6...
Nf6 7. d3 Be7 8. Nd4 O-O 9. h3 Bc8 10. Nc3 c5 11. Nb3 Nc6 12. Bg5 c4 13. dxc4
dxc4 14. Qxd8 $6 (14. Nd2 $5 Be6 15. Qa4 Na5 $5 $13) 14... Rxd8 15. Nd2 Be6 $10
{Yermolinsky,A-Waitzkin,J/Suracuse/1995/0|1/40/}) 7. Nc3 Ngf6 8. d3 Be7 9. h3
Bh5 10. Qc2 O-O 11. e4 Nc5 $5 12. Nh4 Re8 13. Nf5 Bf8 14. b4 Ne6 15. Rb1 $14 {
Malaniuk,V-Vyzmanavin,A/Groningen/1993/0|1/42/}) 6. Bxf3 cxd5 7. O-O Nf6 8. d3
Nc6 9. Nc3 Be7 (9... Bc5 $6 10. Bf4 O-O 11. Rc1 Nd7 12. a3 Qe7 13. e4 d4 14.
Nb1 Rfc8 15. Bg2 b5 $6 16. e5 $16 {Pigusov,E-Savon,V/Moscow/1989/1|0/53/}) 10.
e4 dxe4 (10... d4 $5 11. Ne2 O-O 12. Bg2 Qb6 13. h3 Nd7 14. f4 Nc5 $132) 11.
dxe4 O-O 12. Be3 Qxd1 $6 (12... Qa5 $5 13. Qe2 Rfd8 $132) 13. Rfxd1 Rfd8 14. e5
$5 Nd7 $6 (14... Nxe5 15. Bxb7 Rab8 16. Bg2 Rxb2 17. Bxa7 $14) 15. Bxc6 bxc6
16. f4 $14 Nb6 (16... Bc5 $6 17. Kf2 Bxe3+ 18. Kxe3 $16) 17. Kf2 Nd5 18. Rac1
Nxe3 (18... Rdb8 $6 19. Na4 Rb4 20. b3 $16) 19. Kxe3 f6 20. exf6 gxf6 21. Rxd8+
Rxd8 22. Ne4 Rc8 23. Rc4 $1 Kf7 24. Ra4 Rc7 25. b3 (25. g4 f5) 25... h5 (25...
f5 $6 26. Nd2 Bd6 27. Nc4 Ke7 28. Kd4 $16) 26. h4 $5 Kg6 27. Rc4 Kf5 28. Nf2
Bd6 29. Kf3 e5 $2 (29... Rc8 30. g4+ hxg4+ 31. Nxg4 Kg6 32. h5+ Kxh5 33. Nxf6+
Kg6 34. Ne4 $14) 30. fxe5 fxe5 (30... Bxe5 31. g4+ hxg4+ 32. Nxg4 $16) 31. g4+
hxg4+ 32. Nxg4 $16 Ke6 (32... Rh7 33. Ne3+ Ke6 34. Rxc6 $22 Rxh4 $4 35. Rxd6+
Kxd6 36. Nf5+ $18) 33. h5 Kf5 34. Ne3+ $1 Kg5 35. Ke4 Kxh5 36. Nf5 Bf8 (36...
Rd7 37. Nxd6 Rxd6 38. Kxe5 Rg6 39. Ra4 $16) 37. Kxe5 Kg6 38. Nd4 $1 Bg7+ (38...
c5 39. Ne6 Re7 40. Kd6 $1 $18) (38... Re7+ 39. Ne6 $1 $18) 39. Kd6 Rf7 40. Nxc6
$18 Bf8+ 41. Ke6 Rf6+ 42. Kd7 Bh6 43. Ne5+ Kg7 (43... Kf5 44. Ng4 Rf7+ 45. Ke8
Rf8+ (45... Rh7 46. Nxh6+ Rxh6 47. Kd7 $18) 46. Ke7 Bg7 47. Ne3+ Ke5 48. Rg4
Bh6 49. Rg6 $18) 44. Rc6 Rf5 45. Ke6 Rf6+ 46. Kd5 Rf5 47. Rc7+ Kg8 48. Ke6 1-0

[Event "Olympiad-32"]
[Site "Yerevan"]
[Date "1996.09.18"]
[Round "3.2"]
[White "Marin, Mihail"]
[Black "Hebert, Jean"]
[Result "1-0"]
[WhiteElo "2530"]
[BlackElo "2435"]
[Annotator "Kharitonov,A"]
[PlyCount "119"]
[EventDate "1996.09.15"]
[EventType "team-swiss"]
[EventRounds "14"]
[EventCountry "ARM"]
[SourceTitle "CBM 055"]
[Source "ChessBase"]
[SourceDate "1996.12.01"]
[SourceVersion "1"]
[SourceVersionDate "1996.12.01"]
[SourceQuality "1"]
[WhiteTeam "Romania"]
[BlackTeam "Canada"]
[WhiteTeamCountry "ROU"]
[BlackTeamCountry "CAN"]

1. Nf3 Nf6 2. g3 d5 3. Bg2 g6 4. c4 Bg7 5. O-O O-O 6. d4 c6 7. b3 a5 (7... Ne4
8. Bb2 Bf5 9. e3 Nd7 10. Qe2 Qa5 11. Rc1 Rfe8 12. Nc3 Nxc3 13. Bxc3 Qa6 14. Bf1
dxc4 15. e4 Bg4 16. h3 Bxf3 17. Qxf3 $14 {Nikolic,P-Timman,J/Moscow/1994/1|0/
37/}) 8. Nc3 Ne4 9. Bb2 Nxc3 10. Bxc3 Bf5 $5 {N/} (10... Nd7 11. Rc1 Nf6 12.
Ne5 Be6 13. Qc2 Qb6 14. Rfd1 Rfd8 15. e3 Bf5 16. Qe2 a4 17. b4 $14 {Nikolic,
P-Leko,P/Wijk aan Zee/1995/}) 11. e3 (11. Nh4 $6 Be6 $10) 11... Be4 12. Qe2 Nd7
13. Rfc1 e6 14. Bf1 Bxf3 (14... g5 $5 15. Nd2 Bg6 16. e4 dxe4 17. Nxe4 h6 $14)
15. Qxf3 $14 f5 (15... Nf6 $5 16. Bd3 Ne8 $22 17. Re1 Nd6) 16. cxd5 $5 (16. a3
$5 $14) 16... exd5 (16... cxd5 $6 17. Be1 Qb6 18. Qe2 Rfc8 19. Qb5 $1 $16) 17.
b4 $5 axb4 18. Bxb4 Rf7 19. a4 Nb8 20. a5 Na6 21. Bd2 Bf8 22. Rab1 Ra7 23. Bd3
Ba3 24. Rc2 Qf8 25. Rb6 Nb8 26. Qd1 Be7 27. Qb1 Bd8 28. Rb3 Qg7 (28... Bxa5 $2
29. Bxa5 Rxa5 30. Rxb7 Rxb7 31. Qxb7 $16) 29. Rcb2 Rd7 30. Kg2 Qf7 31. Bb4 $1
Be7 (31... Qg7 32. Bc5 $16) 32. Bxe7 Qxe7 33. Rb6 Rc7 34. R2b3 Kg7 35. h4 $1
$16 h5 36. Qb2 Kf7 37. Kh2 Kg7 38. R3b4 Kf7 39. Qb3 Kg7 40. Qb1 Qf7 41. a6 $1
Nxa6 42. Ra4 Qf6 43. Qd1 Qe7 44. Qe2 Ra8 45. Bxa6 bxa6 46. Raxa6 Rac8 (46...
Rxa6 47. Qxa6 Qe8 $16) 47. Qc2 Qd6 48. Qb1 Re7 49. Rb7 Kf6 $6 (49... Rxb7 50.
Qxb7+ Qc7 $5) 50. Raa7 Rce8 (50... Rec7 $2 51. Rxc7 Rxc7 52. Qb8 Rd7 53. Qh8+
$18) 51. Qb6 Rxb7 52. Rxb7 (52. Qxb7 $2 Re7 $10) 52... Re7 53. Rb8 Qc7 54. Qb4
Kf7 55. Rb6 Kg7 $2 (55... Rd7 56. Qc5 Rd6 57. Ra6 Kf6 58. Ra7 Qb8 59. Qa3 $16)
56. Rxc6 $18 Qxc6 57. Qxe7+ Kg8 58. Kg2 Qb5 59. Kf3 Qf1 60. Kf4 $1 (60. Kf4 $1
Qxf2+ 61. Kg5 Qxg3+ 62. Kh6 $18) 1-0

[Event "Griesheim GM 3rd"]
[Site "Griesheim"]
[Date "2003.02.02"]
[Round "5"]
[White "Jakubiec, Artur"]
[Black "Krivoshey, Sergei"]
[Result "1-0"]
[WhiteElo "2532"]
[BlackElo "2503"]
[Annotator "Konikowski,J"]
[PlyCount "75"]
[EventDate "2003.01.29"]
[EventType "tourn"]
[EventRounds "9"]
[EventCountry "GER"]
[EventCategory "11"]
[SourceTitle "CBM 094"]
[Source "ChessBase"]
[SourceDate "2003.05.26"]
[SourceVersion "1"]
[SourceVersionDate "2003.05.26"]
[SourceQuality "1"]

1. Nf3 d5 2. c4 c6 3. e3 Nf6 4. Qc2 e6 5. b3 Nbd7 6. Bb2 Bd6 7. Nc3 O-O 8. Be2
a6 (8... b6 9. Rg1 Ne5 10. Nxe5 Bxe5 11. f4 Bc7 12. O-O-O b5 13. cxb5 c5 14. g4
d4 15. Ne4 Nd5 16. Qxc5 (16. Nxc5 $142) 16... Bb6 17. Qd6 dxe3 18. Rg3 Qxd6 19.
Nxd6 Nxf4 $132 {Zvjaginsev,V-Dreev,A/Moscow 2001/}) 9. Rg1 e5 $146 {[%mdl 8]} (
9... b5 10. g4 b4 11. g5 Ne8 (11... bxc3 12. gxf6 cxd2+ 13. Qxd2 Nxf6 14. O-O-O
$36) 12. Na4 Qe7 13. h4 Bb7 14. h5 c5 15. cxd5 Bxd5 16. O-O-O Ra7 17. Kb1 Nc7
$4 (17... Bc6 $142) 18. e4 Bc6 19. e5 $18 {Gurevich,M-Kallai,G/Koelln GER 2002/
}) 10. g4 e4 11. g5 Ng4 (11... Ne8 $5) 12. Rxg4 $2 (12. Nd4 $5 Nde5 (12... Nxh2
13. cxd5 cxd5 14. Nxd5 Re8 15. O-O-O $36) 13. cxd5 $11) 12... exf3 $17 13. Bd3
(13. Bxf3 $4 Ne5 14. Rg3 Nxf3+ 15. Rxf3 Qxg5 $19) 13... Ne5 14. Rg1 Nxd3+ 15.
Qxd3 Be5 {[%cal Yd5d4]} (15... Bxh2 $5 16. Rh1 Qxg5 17. O-O-O dxc4 18. Qxc4 (
18. bxc4 Qg2 $17) 18... Be5 19. d4 Bb8 20. d5 Be5 21. dxc6 bxc6 22. Qxc6 Bf5
23. Rdg1 Qf6 $17) 16. O-O-O Be6 17. c5 Qd7 18. h4 Rad8 {[%cal Yd5d4]} 19. Qc2
d4 20. Na4 d3 21. Qb1 Qc7 22. Bxe5 Qxe5 23. Rg3 g6 24. Rdg1 Qe4 25. Qb2 Rd5 26.
Kb1 Qxh4 27. e4 Qxe4 $2 (27... Rdd8 $142) 28. Nc3 Qf5 29. Nxd5 Qxd5 30. Qc3 Rd8
31. Re1 Qd4 32. Qxd4 (32. Rxf3 $4 Qxc3 33. dxc3 d2 $19) 32... Rxd4 33. Re5 (33.
Kb2 $5 $16) 33... Bd5 34. Kb2 f6 $2 (34... Rh4 $142 $5) 35. gxf6 Rf4 36. Re7
Rxf6 37. Kc3 (37. Rxb7 $1 Re6 38. Rh3 h5 39. Kc3 Re2 40. Rh2 $18) 37... Rf7 38.
Re5 (38. Re5 Rd7 39. Re3 $16) 1-0

[Event "EU-chT (Men) 15th"]
[Site "Gothenburg"]
[Date "2005.08.01"]
[Round "3.4"]
[White "Markowski, Tomasz"]
[Black "Rusev, Krasimir"]
[Result "1-0"]
[WhiteElo "2564"]
[BlackElo "2426"]
[Annotator "Konikowski,J"]
[PlyCount "89"]
[EventDate "2005.07.30"]
[EventType "team-swiss"]
[EventRounds "9"]
[EventCountry "SWE"]
[SourceTitle "CBM 109"]
[Source "ChessBase"]
[SourceDate "2005.11.14"]
[SourceVersion "1"]
[SourceVersionDate "2005.11.14"]
[SourceQuality "1"]
[WhiteTeam "Poland"]
[BlackTeam "Bulgaria"]
[WhiteTeamCountry "POL"]
[BlackTeamCountry "BUL"]

1. Nf3 d5 2. c4 c6 3. e3 Nf6 4. Qc2 e6 5. b3 Be7 6. Bb2 O-O 7. Be2 b6 $146 {
[%mdl 8]} (7... Nbd7 8. O-O Qc7 9. d3 Re8 10. Nbd2 a5 11. a3 b6 12. e4 dxe4 13.
dxe4 e5 14. Rfd1 Bc5 15. h3 b5 $2 (15... Nh5 $5) 16. b4 axb4 17. axb4 Rxa1 18.
Rxa1 Bxb4 19. cxb5 Bb7 20. Bc4 Bc5 21. Ng5 Re7 22. Bxf7+ $16 {Lauvsnes,A (2270)
-Harestad,H/Norway 1994/}) 8. O-O Bb7 9. d3 c5 10. Nbd2 Nc6 11. a3 Qc7 12. Rfe1
Rad8 13. Bf1 Rfe8 (13... d4 $142 $5) 14. cxd5 Nxd5 (14... Rxd5 $5) 15. Rac1 Qb8
16. Qb1 Bf8 (16... Bf6 $5) 17. Qa1 e5 18. Nc4 f6 19. Ncd2 Kh8 20. Qb1 Nc7 21.
Red1 Ne6 22. Bc3 a5 23. Bb2 Rd7 24. Qc2 Ba6 25. Nc4 Qd8 26. Be2 Qb8 27. Ne1 Qa7
$2 (27... g6 $5 {/\Bf8-g7}) 28. Bh5 Red8 (28... g6 29. Bf3 $14) 29. Bg4 Re7 30.
Bf5 Bb5 31. Qe2 g6 32. Be4 a4 33. Qf3 Bg7 34. Bxc6 Ng5 35. Bxb5 Nxf3+ 36. Nxf3
axb3 37. e4 Qb7 38. h3 Rd4 $2 {[%mdl 8192]} (38... Qb8 $142) 39. Bxd4 $18 exd4
40. Rb1 f5 41. e5 g5 42. Nd6 Qa8 43. Nxf5 Rf7 44. e6 Rxf5 45. e7 1-0

[Event "MK Cafe Cup-A"]
[Site "Koszalin"]
[Date "1997.08.10"]
[Round "9"]
[White "McNab, Colin Anderson"]
[Black "Gdanski, Jacek"]
[Result "0-1"]
[WhiteElo "2490"]
[BlackElo "2505"]
[Annotator "Konikowski,J"]
[PlyCount "52"]
[EventDate "1997.08.03"]
[EventType "swiss"]
[EventRounds "10"]
[EventCountry "POL"]
[SourceTitle "CBM 059 Extra"]
[Source "ChessBase"]
[SourceDate "1997.09.26"]
[SourceVersion "1"]
[SourceVersionDate "1997.09.26"]
[SourceQuality "1"]

1. c4 c6 2. Nf3 d5 3. e3 Nf6 4. Nc3 g6 5. b3 Bg7 6. Bb2 O-O 7. Be2 Bg4 8. d4 (
8. h3 $5) 8... Ne4 9. Nxe4 dxe4 10. Nd2 Bxe2 11. Qxe2 f5 (11... c5 12. Nxe4
cxd4 13. Bxd4 Bxd4 14. exd4 Qxd4 15. Rd1 Qe5 16. Rd5 Qa1+ 17. Rd1 Qe5 $11 {
Kortschnoj,V-Ljubojevic,L/Tilburg/1985/}) 12. g4 $6 (12. O-O $5 {/\f2-f3})
12... e6 13. h4 $2 (13. O-O-O $142) 13... Na6 $1 14. Bc3 Nc5 $1 15. O-O-O Nd3+
16. Kb1 c5 17. gxf5 exf5 (17... gxf5 $2 18. Rhg1 cxd4 19. exd4 $16) 18. Nf3 f4
19. exf4 (19. Rdf1 Qe7 (19... exf3 20. Qxd3 fxe3 21. fxe3 $16) 20. Ne1 Nxe1 21.
Qxe1 cxd4 22. exd4 e3 23. fxe3 fxe3 24. h5 Bxd4 25. hxg6 hxg6 26. Rfg1 Qe4+ 27.
Ka1 Qe5 $1 28. Bxd4 (28. Rxg6+ Kf7 $19) 28... Qxd4+ 29. Kb1 Rf2 30. Qc1 Qd3+
31. Ka1 Rc2 32. Qa3 e2 $19) 19... Rxf4 (19... cxd4 $2 20. Bxd4 Rxf4 21. Bxg7
Kxg7 22. Ng5 $16) 20. Ng5 Nxf2 21. Rdf1 Qf6 $1 (21... Nxh1 $2 22. Rxf4 cxd4 23.
Qxe4 $18) (21... cxd4 $5 22. Rxf2 (22. Ne6 Nxh1 23. Nxd8 Ng3 24. Qg2 Rxf1+ 25.
Kc2 d3+ 26. Kb2 Bxc3+ 27. Kxc3 Rxd8 28. Qxg3 d2 $19) 22... Rxf2 23. Qxf2 dxc3
24. Nxe4 (24. Ne6 Qd3+ $19) 24... Qd3+ 25. Qc2 Rd8 $17) 22. Rh2 (22. Rxf2 Rxf2
23. Qxe4 cxd4 24. Qd5+ Kh8 $19) 22... Rf8 23. Rfxf2 (23. Nxh7 Kxh7 24. h5 g5
$19) 23... Rxf2 24. Nxe4 (24. Rxf2 Qxf2 25. Qxe4 cxd4 $19) 24... Rf1+ 25. Kb2
Qf4 26. Nxc5 (26. Bd2 cxd4 $1 27. Qg2 (27. Bxf4 d3+ 28. Ka3 dxe2 $19) 27... d3+
28. Nc3 Qxh2 29. Qxh2 R1f2 30. Qc7 Rxd2+ 31. Ka3 Bxc3 32. Qxb7 a5 33. Ka4 Rxa2+
34. Kb5 d2 35. Qd5+ Kh8 36. Qd3 Bg7 $19) 26... Qc1# 0-1